[Event "GEO-ch (Women) 1st League 78th"]
[Site "Tbilisi"]
[Date "2021.03.25"]
[Round "8"]
[White "Antia, Sopia"]
[Black "Javakhishvili, Mariam"]
[Result "1-0"]
[WhiteElo "1594"]
[BlackElo "1671"]
[PlyCount "33"]
[EventDate "2021.03.18"]
[EventType "swiss"]
[EventRounds "9"]
[EventCountry "GEO"]
[SourceTitle "CBM 201 Extra"]
[Source "ChessBase"]
[SourceDate "2021.05.31"]
[SourceVersion "1"]
[SourceVersionDate "2021.05.31"]
[SourceQuality "1"]

1. e4 c5 2. Nf3 e6 3. c3 d6 4. d4 cxd4 5. cxd4 g6 6. Bg5 f6 7. Bd2 Bg7 8. Nc3 Ne7 9. Bb5+ Bd7 10. Qb3 0-0 11. Bc4 Kf7 12. Nb5 Bc8 13. Bb4 Nbc6 14. Nxd6+ Kg8 15. Bxe6+ Bxe6 16. Qxe6+ Kh8 17. Bc3 1-0

[Event "GEO-ch (Women) 1st League 78th"]
[Site "Tbilisi"]
[Date "2021.03.21"]
[Round "4"]
[White "Javakhishvili, Mariam"]
[Black "Dolakidze, Mariam"]
[Result "1/2-1/2"]
[WhiteElo "1671"]
[BlackElo "1416"]
[PlyCount "73"]
[EventDate "2021.03.18"]
[EventType "swiss"]
[EventRounds "9"]
[EventCountry "GEO"]
[SourceTitle "CBM 201 Extra"]
[Source "ChessBase"]
[SourceDate "2021.05.31"]
[SourceVersion "1"]
[SourceVersionDate "2021.05.31"]
[SourceQuality "1"]

1. d4 e6 2. c4 f5 3. Nc3 d5 4. Nf3 c6 5. Bf4 Bd6 6. e3 Nf6 7. h3 a6 8. Ne5 Bxe5 9. Bxe5 Nbd7 10. Bf4 0-0 11. g4 Ne4 12. Nxe4 fxe4 13. h4 Qa5+ 14. Qd2 Qxd2+ 15. Kxd2 Nf6 16. Bd6 Rf7 17. g5 Ng4 18. Be2 Nxf2 19. Rh2 e5 20. dxe5 Nh3 21. Rah1 Nf2 22. Rg1 Be6 23. c5 Rd8 24. h5 Rf5 25. Rgg2 Nd3 26. Bg4 Rxe5 27. Bxe5 Bxg4 28. Bd6 Bf3 29. Rg3 Nxb2 30. Kc3 Nc4 31. Bf4 Re8 32. Rg1 Re7 33. Rb1 Rd7 34. h6 g6 35. Rf2 Kf7 36. Rff1 Ke7 37. Rb4 1/2-1/2

[Event "GEO-ch (Women) 1st League 78th"]
[Site "Tbilisi"]
[Date "2021.03.20"]
[Round "3"]
[White "Sichinava, Mariam"]
[Black "Javakhishvili, Mariam"]
[Result "1/2-1/2"]
[WhiteElo "1516"]
[BlackElo "1671"]
[PlyCount "68"]
[EventDate "2021.03.18"]
[EventType "swiss"]
[EventRounds "9"]
[EventCountry "GEO"]
[SourceTitle "CBM 201 Extra"]
[Source "ChessBase"]
[SourceDate "2021.05.31"]
[SourceVersion "1"]
[SourceVersionDate "2021.05.31"]
[SourceQuality "1"]

1. Nf3 Nf6 2. g3 g6 3. Bg2 Bg7 4. c4 0-0 5. 0-0 d6 6. d4 Nbd7 7. Nc3 c6 8. e4 e5 9. d5 Nc5 10. Re1 a5 11. Qc2 Ne8 12. Be3 Qe7 13. Bxc5 dxc5 14. Na4 Bd7 15. Nb6 Ra6 16. Nxd7 Qxd7 17. Rad1 Nd6 18. b3 Qe7 19. Qd2 Rd8 20. Qe3 b6 21. dxc6 Qc7 22. Rd5 f6 23. Red1 Qxc6 24. Qd3 Bf8 25. Ne1 Raa8 26. f4 Nf7 27. Nf3 Rxd5 28. exd5 Qd6 29. fxe5 Nxe5 30. Nxe5 fxe5 31. Bh3 Bg7 32. Be6+ Kh8 33. Rf1 Rf8 34. Rxf8+ Bxf8 1/2-1/2

[Event "EU-ch U16 Girls 24th"]
[Site "Batumi"]
[Date "2014.10.26"]
[Round "7"]
[White "Javakhishvili, Mariam"]
[Black "Sit, Victoria"]
[Result "1-0"]
[WhiteElo "1614"]
[BlackElo "1607"]
[PlyCount "61"]
[EventDate "2014.10.19"]
[EventType "swiss"]
[EventRounds "9"]
[EventCountry "GEO"]
[SourceTitle "EXT 2015"]
[Source "ChessBase"]
[SourceDate "2014.11.20"]
[SourceVersion "1"]
[SourceVersionDate "2014.11.20"]
[SourceQuality "1"]

1. d4 d5 2. c4 c6 3. Nf3 Nf6 4. Qc2 Bg4 5. Ne5 Bh5 6. Bg5 e6 7. e3 a6 8. a4 Nbd7 9. Nxd7 Qxd7 10. Bd3 Bg6 11. Nc3 Bxd3 12. Qxd3 Be7 13. h3 0-0 14. 0-0 Ne8 15. Bxe7 Qxe7 16. a5 dxc4 17. Qxc4 Nd6 18. Qe2 Rac8 19. Na4 Ne4 20. Rfd1 Rfd8 21. Qc2 Nf6 22. Nc5 Rd5 23. Ra4 Rc7 24. Rc4 g6 25. Qb3 Ne8 26. e4 Rh5 27. e5 f6 28. Rb4 fxe5 29. Nxe6 Kh8 30. Nxc7 Nxc7 31. Rxb7 1-0

[Event "Wch U14 Girls"]
[Site "Al Ain"]
[Date "2013.12.21"]
[Round "4"]
[White "Javakhishvili, Mariam"]
[Black "Avetisyan, Mariam"]
[Result "0-1"]
[WhiteElo "1560"]
[BlackElo "1705"]
[PlyCount "76"]
[EventDate "2013.12.18"]
[EventType "swiss"]
[EventRounds "11"]
[EventCountry "UAE"]
[SourceTitle "CBM 158 Extra"]
[Source "ChessBase"]
[SourceDate "2014.02.28"]
[SourceVersion "1"]
[SourceVersionDate "2014.02.28"]
[SourceQuality "1"]

1. e4 e6 2. Nf3 d5 3. exd5 exd5 4. d4 Bd6 5. c4 c6 6. cxd5 cxd5 7. Nc3 Ne7 8. Bb5+ Bd7 9. Qb3 Nbc6 10. 0-0 0-0 11. Nxd5 Nxd5 12. Qxd5 Be6 13. Qe4 Bd5 14. Qe2 Bxf3 15. Qxf3 Nxd4 16. Qd3 Qf6 17. Be3 Nf5 18. Rad1 Rad8 19. Qe2 a6 20. Bd3 Qe5 21. Qh5 g6 22. Qh3 Nxe3 23. fxe3 Bc5 24. Rf3 Qxb2 25. Qh6 Rxd3 26. Rxd3 Qb1+ 27. Kf2 Qxd3 28. Rh3 Qf5+ 29. Ke2 Qc2+ 30. Kf3 Qd1+ 31. Kf2 Qd2+ 32. Kf3 Qd5+ 33. Kf2 Qxa2+ 34. Kf3 Qd5+ 35. Kf2 Qf5+ 36. Ke2 g5 37. Rg3 Be7 38. h4 g4 0-1

[Event "Poti Aleksandria Cup U12 Girls"]
[Site "Poti"]
[Date "2011.07.17"]
[Round "7"]
[White "Javakhishvili, Mariam"]
[Black "Chanturia, Ani"]
[Result "1/2-1/2"]
[WhiteElo "1484"]
[BlackElo "1472"]
[PlyCount "66"]
[EventDate "2011.07.11"]
[EventType "swiss"]
[EventRounds "9"]
[EventCountry "GEO"]
[SourceTitle "CBM 143 Extra"]
[Source "ChessBase"]
[SourceDate "2011.08.29"]
[SourceVersion "1"]
[SourceVersionDate "2011.08.29"]
[SourceQuality "1"]

1. e4 c6 2. d4 d5 3. Nc3 dxe4 4. Nxe4 Nd7 5. Nf3 Ngf6 6. Nxf6+ Nxf6 7. c3 e6 8. Bd3 Be7 9. 0-0 0-0 10. Ne5 Qc7 11. f4 b6 12. g4 g6 13. h4 c5 14. Be3 Bb7 15. Qe1 Bd6 16. Qg3 Ne4 17. Qh3 Rac8 18. Kh2 cxd4 19. Bxd4 f6 20. Bxe4 Bxe4 21. Nd3 Bxd3 22. Qxd3 Bxf4+ 23. Kg1 Rcd8 24. Qf3 e5 25. Be3 Rd3 26. Rae1 Bxe3+ 27. Rxe3 Rxe3 28. Qxe3 Kg7 29. Kg2 Qc6+ 30. Kg3 Rd8 31. g5 Qb5 32. gxf6+ Kf7 33. Rf3 Qe8 1/2-1/2

[Event "EU-ch (Women) 12th"]
[Site "Tbilisi"]
[Date "2011.05.17"]
[Round "10"]
[White "Javakhishvili, Mariam"]
[Black "Gumberidze, Nino"]
[Result "0-1"]
[WhiteElo "1491"]
[BlackElo "1664"]
[PlyCount "70"]
[EventDate "2011.05.07"]
[EventType "swiss"]
[EventRounds "11"]
[EventCountry "GEO"]
[SourceTitle "CBM 142 Extra"]
[Source "ChessBase"]
[SourceDate "2011.06.27"]
[SourceVersion "1"]
[SourceVersionDate "2011.06.27"]
[SourceQuality "1"]

1. Nf3 d5 2. b3 Bf5 3. Bb2 e6 4. e3 Nf6 5. Be2 Be7 6. 0-0 h6 7. Qe1 0-0 8. c4 Nc6 9. Na3 Nb4 10. Qc1 Nd3 11. Bxd3 Bxd3 12. Re1 Ne4 13. Ne5 dxc4 14. Naxc4 Bxc4 15. Nxc4 Bb4 16. Bc3 Bxc3 17. dxc3 Qf6 18. f3 Nxc3 19. Qc2 Rfd8 20. Rac1 Nd5 21. a3 c6 22. b4 Ne7 23. Red1 Rd5 24. Nd6 b6 25. e4 Rg5 26. Qa4 Qxf3 27. Qc2 Rd8 28. a4 Qf6 29. Kh1 Rh5 30. h3 Ng6 31. Qxc6 Nf4 32. Rf1 Qg5 33. Rc2 Qg3 34. Rff2 Nxh3 35. e5 Nxf2+ 0-1

[Event "EU-ch (Women) 12th"]
[Site "Tbilisi"]
[Date "2011.05.13"]
[Round "7"]
[White "Javakhishvili, Mariam"]
[Black "Soyunlu, Narmin Asat Qizi"]
[Result "0-1"]
[WhiteElo "1491"]
[BlackElo "1884"]
[PlyCount "78"]
[EventDate "2011.05.07"]
[EventType "swiss"]
[EventRounds "11"]
[EventCountry "GEO"]
[SourceTitle "CBM 142 Extra"]
[Source "ChessBase"]
[SourceDate "2011.06.27"]
[SourceVersion "1"]
[SourceVersionDate "2011.06.27"]
[SourceQuality "1"]

1. e4 e6 2. d4 d5 3. exd5 exd5 4. Nf3 Bg4 5. h3 Bh5 6. Bd3 Bd6 7. 0-0 Nc6 8. c3 Nge7 9. Be3 Qd7 10. Nbd2 f6 11. Qc2 g5 12. Nh2 0-0-0 13. f3 h6 14. Ng4 Rdf8 15. Bf2 Kb8 16. Rae1 Be8 17. Nb3 h5 18. Ne3 f5 19. Nc5 Bxc5 20. dxc5 f4 21. Nd1 g4 22. Bh4 gxh3 23. gxh3 Qxh3 24. Qh2 Qd7 25. Kh1 Bg6 26. Bxe7 Bxd3 27. Bxf8 Bxf1 28. Rxf1 Rxf8 29. Qxh5 Qd8 30. Kg2 Rh8 31. Qf5 Rg8+ 32. Kf2 Re8 33. Qxf4 Ne5 34. Qd4 Nd3+ 35. Kg2 Rg8+ 36. Kh2 Qg5 37. Qg4 Qh6+ 38. Qh3 Qf4+ 39. Kh1 Qf6 0-1

[Event "EU-ch (Women) 12th"]
[Site "Tbilisi"]
[Date "2011.05.09"]
[Round "3"]
[White "Javakhishvili, Mariam"]
[Black "Kobeshavidze, Lika"]
[Result "0-1"]
[WhiteElo "1491"]
[BlackElo "1988"]
[PlyCount "72"]
[EventDate "2011.05.07"]
[EventType "swiss"]
[EventRounds "11"]
[EventCountry "GEO"]
[SourceTitle "CBM 142 Extra"]
[Source "ChessBase"]
[SourceDate "2011.06.27"]
[SourceVersion "1"]
[SourceVersionDate "2011.06.27"]
[SourceQuality "1"]

1. e4 c6 2. d4 g6 3. e5 d5 4. c3 Bg7 5. Be3 Qb6 6. Qb3 Nh6 7. f4 Nf5 8. Bf2 h5 9. Nd2 Qc7 10. g3 Nd7 11. Ngf3 e6 12. Bd3 b6 13. 0-0 c5 14. Qd1 Bb7 15. Qe2 Nh6 16. h3 Nf5 17. Rac1 c4 18. Bb1 Bf8 19. Be1 Be7 20. Bxf5 gxf5 21. b3 h4 22. gxh4 0-0-0 23. bxc4 Rdg8+ 24. Kh2 dxc4 25. Nxc4 Kb8 26. Ne3 Qc6 27. Ng5 f6 28. exf6 Nxf6 29. Rg1 Bd6 30. Rf1 Bxf4+ 31. Bg3 Bxg3+ 32. Kxg3 Ne4+ 33. Kh2 Qd6+ 34. Kg1 Nxg5 35. hxg5 Rxg5+ 36. Kf2 Qg3# 0-1